Biblioteca ESET

Funciones elementales para construir modelos matemáticos. (Registro nro. 1371)

Detalles MARC
000 -CABECERA
fixed length control field 00778nam a22002297a 4500
003 - CONTROL NUMBER IDENTIFIER
control field AR-BeUNQ
005 - FECHA Y HORA DE LA ULTIMA TRANSACCION
control field 20250924154902.0
008 - ELEMENTOS DE LONGITUD FIJA-INFORMACION GENERAL
fixed length control field 250924b20102025spaabklf f||| 00| 0 spa d
020 ## - NUMERO INTERNACIONAL NORMALIZADO PARA LIBROS
Número Internacional Normalizado del libro 9789500007580
040 ## - FUENTE DE CATALOGACION
Agencia de catalogación original AR-BeUNQ
Idioma de catalogación ESPAÑOL
Agencia que realiza la transcripción AR-BeUNQ
Convenciones de la descripción aacr
082 ## - NUMERO DE CLASIFICACION DECIMAL DEWEYMBER
Número de la edición 21
Número de clasificación 510 BOC
100 11 - ASIENTO PRINCIPAL-NOMBRE PERSONAL
Nombre personal Bocco, Mònica
Títulos u otras palabras asociadas al nombre aut.
245 ## - MENCION DE TITULO
Título Funciones elementales para construir modelos matemáticos.
Mención de responsabilidad, etc Mònica Bocco.
Medio físico Libro.
250 ## - MENCION DE EDICION
Mención de edición 1a.ed
260 ## - PUBLICACION, DISTRIBUCION, ETC.
Lugar de publicación, distribución, etc. Ciudad Autònoma de Buenos Aires :
Nombre del editor, distribuidor, etc. Ministerio de Educaciòn de la Naciòn,
Fecha de publicación, distribución, etc 2010.
300 ## - DESCRIPCION FISICA
Extensión 216 p. ;
Otros detalles físicos il. ;
Dimensiones 24 cm
490 ## - MENCION DE SERIE
Mención de serie Las ciencias naturales y la matemática.
650 ## - ASIENTO SECUNDARIO DE MATERIA - TERMINO TEMATICO
Fuente del encabezamiento o términ spines
Término temático o nombre geográfico como elemento de entrada Matemática
651 ## - ASIENTO SECUNDARIO DE MATERIA - NOMBRE GEOGRAFICO
Fuente del encabezamiento o término unescot
Nombre geográfico Argentina
929 1# - DATOS DE ADQUISICION
Procedencia DONACION
Proveedor EESNª 15
Orden de compra 0
Precio 0
Fecha de recibido 2018
Patrimonio UNQ PAT 0083373
Número de inventario 63487
942 ## - ELEMENTOS DE PUNTO DE ACCESO ADICIONAL (KOHA)
Tipo de ítem Koha Libros
Existencias
Estado de retiro Estado de pérdida Ubicación permanente Ubicación actual Ubicación en estantería Fecha de ingreso Total Checkouts Signatura topográfica completa Inventario Date last seen Tipo de ítem Koha Operador
    Biblioteca ESET - UNQ Biblioteca ESET - UNQ CIRCULACION 24/09/2025   510 BOC 63487 24/09/2025 Libros Gladys Alarcon

ESET UNQ

☏ 4365-7188
 Avenida República de Francia 1714 entre Doctor Kenny y Concordia, Ezpeleta, Bs As.
✉ secretaria_eset@unq.edu.ar

Con tecnología Koha